Catálogo
 En Linea

Patriarcado capitalista y feminismo socialista / (Registro nro. 35291)

Detalles MARC
000 -CABECERA
campo de control de longitud fija 00640nam a2200181 a 4500
001 - NÚMERO DE CONTROL
campo de control 000035800
005 - FECHA Y HORA DE LA ÚLTIMA TRANSACCIÓN
campo de control 20200930074625.0
008 - DATOS DE LONGITUD FIJA--INFORMACIÓN GENERAL
campo de control de longitud fija 111114s1978 mx 000 0 spa d
040 ## - FUENTE DE LA CATALOGACIÓN
Centro catalogador/agencia de origen DO-SdBNP
Lengua de catalogación spa
Centro/agencia transcriptor BNPHU
049 ## - FONDOS LOCALES (OCLC)
Fondos de biblioteca BNPD
245 10 - MENCIÓN DE TÍTULO
Título Patriarcado capitalista y feminismo socialista /
Mención de responsabilidad, etc. compilado Zillah Ruth Eisenstein; traducción Sara Sefchovich ;.
260 ## - PUBLICACIÓN, DISTRIBUCIÓN, ETC.
Lugar de publicación, distribución, etc. México :
Nombre del editor, distribuidor, etc. Siglo Veintiuno,
Fecha de publicación, distribución, etc. 1978.
300 ## - DESCRIPCIÓN FÍSICA
Extensión 313 p. ;
Dimensiones 23 cm.
490 1# - MENCIÓN DE SERIE
Mención de serie Sociología y política
534 ## - NOTA SOBRE LA VERSIÓN ORIGINAL
Encabezamiento principal del original Capitalist patriarchy and the case for socialist feminisn
700 12 - PUNTO DE ACCESO ADICIONAL--NOMBRE DE PERSONA
Nombre de persona Eisenstein, Zillah Tuth
9 (RLIN) 61751
830 #0 - PUNTO DE ACCESO ADICIONAL DE SERIE-TÍTULO UNIFORME
Título uniforme Sociología y política
9 (RLIN) 17789
Existencias
Estado de retiro Estado de pérdida Restricciones de uso No para préstamo Código de colección Localización permanente Ubicación/localización actual Ubicación en estantería Fecha de adquisición Número de inventario Total de préstamos Signatura topográfica completa Código de barras Fecha visto por última vez Precio válido a partir de Tipo de ítem Koha Nota pública
      Excluido de préstamo Monografías: Libros y Folletos General General En catalogación 14.11.2011 LF1   35800-10 25.06.2020 25.06.2020 No se presta Perteneció a la biblioteca personal de Juan Isidro Jimenes Grullón.

Con tecnología Koha